Short term study of the utilisation pattern of educated persons produced during the third plan period in Madras State. (Record no. 84721)
[ view plain ]
| 000 -LEADER | |
|---|---|
| fixed length control field | 00741cam a2200217 4500 |
| 001 - CONTROL NUMBER | |
| control field | sa 68012747 |
| 003 - CONTROL NUMBER IDENTIFIER | |
| control field | DLC |
| 005 - DATE AND TIME OF LATEST TRANSACTION | |
| control field | 20260227112614.0 |
| 008 - FIXED-LENGTH DATA ELEMENTS--GENERAL INFORMATION | |
| fixed length control field | 691021s1968 ii 00000 eng |
| 010 ## - LIBRARY OF CONGRESS CONTROL NUMBER | |
| LC control number | sa 68012747 //r87 |
| 025 ## - OVERSEAS ACQUISITION NUMBER | |
| Overseas acquisition number | PL480:I-E-10429 |
| 043 ## - GEOGRAPHIC AREA CODE | |
| Geographic area code | a-ii--- |
| 050 0# - LIBRARY OF CONGRESS CALL NUMBER | |
| Classification number | HD5820.M28 |
| Item number | A5 |
| 082 ## - DEWEY DECIMAL CLASSIFICATION NUMBER | |
| Classification number | 331.1/15 |
| 110 10 - MAIN ENTRY--CORPORATE NAME | |
| Corporate name or jurisdiction name as entry element | Madras (State). |
| Subordinate unit | State Employment Market Information Unit. |
| 245 10 - TITLE STATEMENT | |
| Title | Short term study of the utilisation pattern of educated persons produced during the third plan period in Madras State. |
| 260 1# - PUBLICATION, DISTRIBUTION, ETC. | |
| Place of publication, distribution, etc. | Madras, |
| Date of publication, distribution, etc. | 1968. |
| 300 ## - PHYSICAL DESCRIPTION | |
| Extent | ii, 98 p. |
| Dimensions | 30 cm. |
| 500 ## - GENERAL NOTE | |
| General note | At head of title: Dept. of Employment and Training, Madras. |
| 650 #0 - SUBJECT ADDED ENTRY--TOPICAL TERM | |
| Topical term or geographic name entry element | College graduates |
| General subdivision | Employment |
| Geographic subdivision | India |
| -- | Tamil Nadu. |
No items available.